00767nam a22002177a 45000050016000000100014000160350013000300370013000430820015000562450062000712600042001332700073001753000030002485000050002786500028003286500022003567000009003789420029003879990017004169520116004332010080306446.0 aENG-97928 aEN-81461 bDBAD/PUB a346.540682 aThe limited liability partners act, 2008 :b(6 of 2009) / aDelhi bUniversal Law Pub. Co. c2009 aC-FF-1A, Dilkhush Industrial Estate G. T. Karnal RoadbDelhie110033 avi, [164] p. c25cm (Pbk) aThe limited liability partnership rules, 2009 aLimited liablity 95544 aPartnership95545 94162 2ddccENh346.540682mTHE c39069d39069 001040708NFICaBL1bBL1d2010-08-03g695.00l0o346.540682 THEpEN-81461r2010-08-03 00:00:00t1v695.00yEN